[Event "Canadian op"]
[Site "Scarborough"]
[Date "1988.07.20"]
[Round "7"]
[White "Bailey, Doug"]
[Black "Vranesic, Zvonko"]
[Result "1-0"]
[WhiteElo "2422"]
[BlackElo "2359"]
[PlyCount "93"]
[EventDate "1988.07.15"]
[EventType "tourn"]
[EventRounds "10"]
[EventCountry "CAN"]
[SourceTitle "EXT 2022"]
[Source "ChessBase"]
[SourceDate "2021.10.06"]
[SourceVersion "1"]
[SourceVersionDate "2021.10.06"]
[SourceQuality "1"]

1. e4 c6 2. d4 d5 3. Nc3 dxe4 4. Nxe4 Nf6 5. Nxf6+ gxf6 6. Nf3 Bg4 7. Be2 e6 8. Be3 Nd7 9. Qd2 Qc7 10. 0-0-0 0-0-0 11. Kb1 Nb6 12. c4 Bxf3 13. gxf3 Kb8 14. Qc1 c5 15. f4 f5 16. Bf3 Bd6 17. d5 Rhg8 18. Rd3 Rg6 19. b3 Nd7 20. Bh5 Rg7 21. Bxf7 e5 22. Be6 exf4 23. Bd2 Rg2 24. Bxd7 Rxd7 25. Rf3 Rg4 26. h3 Rh4 27. Rg1 a6 28. Rg8+ Ka7 29. Qg1 Rh5 30. Rg5 Rxg5 31. Qxg5 Rg7 32. Qxf5 Rg1+ 33. Kc2 Qg7 34. Bc3 Qg2 35. Qd3 Rh1 36. Kb2 Qg1 37. Ka3 b5 38. Qxh7+ Kb6 39. Qd7 Qc1+ 40. Bb2 b4+ 41. Ka4 Qxb2 42. Qxd6+ Kb7 43. Qc6+ Kb8 44. Qb6+ Kc8 45. Qxc5+ Kd8 46. Qd6+ Ke8 47. Ka5 1-0

[Event "Montreal Zonal"]
[Site "Montreal"]
[Date "1981.??.??"]
[Round "?"]
[White "Murray, Peter"]
[Black "Vranesic, Zvonko"]
[Result "0-1"]
[WhiteElo "2330"]
[BlackElo "2390"]
[PlyCount "112"]
[EventDate "1981.??.??"]
[EventType "tourn"]
[EventRounds "15"]
[EventCountry "CAN"]
[EventCategory "4"]
[SourceTitle "MCL"]
[Source "ChessBase"]
[SourceDate "1999.07.01"]
[SourceVersion "1"]
[SourceVersionDate "1999.07.01"]
[SourceQuality "1"]

1. d4 d5 2. c4 e6 3. Nc3 c5 4. cxd5 exd5 5. Nf3 Nc6 6. g3 cxd4 7. Nxd4 Qb6 8. Nb3 Be6 9. Nxd5 Bxd5 10. Qxd5 Nf6 11. Qc4 Bb4+ 12. Bd2 0-0 13. Bc3 a5 14. Bg2 a4 15. Nd2 Rfd8 16. Rd1 Bxc3 17. Qxc3 Rac8 18. 0-0 Nd4 19. Qa3 Nxe2+ 20. Kh1 h6 21. Qf3 Nd4 22. Qxb7 Qxb7 23. Bxb7 Rb8 24. Bg2 Rxb2 25. Nf3 Ne6 26. Rxd8+ Nxd8 27. Ra1 Rxf2 28. Kg1 Rb2 29. Ne5 Re2 30. Nd3 Ne6 31. Bf1 Rd2 32. Ne5 Ng5 33. Bc4 Rc2 34. Rd1 Nf3+ 35. Nxf3 Rxc4 36. Rd2 Ne4 37. Rb2 Kh7 38. Ne5 Rc1+ 39. Kg2 f6 40. Nf3 a3 41. Rb4 Rc2+ 42. Kg1 Ng5 43. Nd4 Rxa2 44. Ra4 h5 45. Nb5 Nf3+ 46. Kf1 Nxh2+ 47. Ke1 Nf3+ 48. Kd1 Rd2+ 49. Kc1 a2 50. Nc3 Rg2 51. Rxa2 Rxg3 52. Rf2 Ne5 53. Kd2 Rd3+ 54. Kc2 h4 55. Ne2 Rf3 56. Rh2 g5 0-1